00528nam a2200157 i 450000100060000000300090000600500170001500700030003200800410003524500590007626000430013530000210017885200320019999900170023195201220024846008ES-MaACL20230906161320.0t|030327s1969 sp ||||1| spa d00aComo trabajar en equipo / ctraductor: Angel Aparicio. aMadrid : bIbérico Europea, c[1969] a67 p. ; c21 cm. aES-MaACLjC-50403 bR.72261 c46008d46008 00104070aATENEOMbATENEOMcDEPO2d2008-01-17eSCl0oC-50403p1048403r2023-02-23 00:00:00w2023-02-23yMONOGRAFIA